000 00449nam a2200193Ia 4500
005 20250603145155.0
008 250603s9999 xx 000 0 und d
020 _a9780324590869
050 _aHD 62.5 .K87/
100 _aKuratko, Donald F.
245 0 _aIntroduction to entrepreneurship
250 _a2nd ed.
260 _aMason
260 _bThomson/South-Western
260 _c2009
300 _a544 p
650 _aMason
942 _cBK
999 _c41089
_d41089